| 000 | 00560nam a22001577a 4500 | ||
|---|---|---|---|
| 003 | 0 | ||
| 005 | 20231107095911.0 | ||
| 008 | 230929b xxu||||| |||| 00| 0 eng d | ||
| 050 |
_aHQ 750 _b.R63 2022 |
||
| 100 | _aRodas, Kirsten Rose O. | ||
| 245 |
_aRelationship satisfaction and conflict resolution of romantic partners in a long-distance romantic relationship _cRodas, Kirsten Rose O. |
||
| 260 |
_aLas Pinas City _bSouthville International School and Colleges _cC2022 |
||
| 300 |
_ax, 351pp. _c28cm. |
||
| 500 | _aInterpersonal relations. | ||
| 942 |
_2lcc _cTH |
||
| 999 |
_c365427 _d365427 |
||